Lí luận văn học
Guardat en:
| Autor principal: | |
|---|---|
| Format: | Llibre |
| Idioma: | Undetermined |
| Publicat: |
Hà Nội
Giáo dục
1997
|
| Matèries: | |
| Etiquetes: |
Afegir etiqueta
Sense etiquetes, Sigues el primer a etiquetar aquest registre!
|
| Thư viện lưu trữ: | Trung tâm Học liệu Trường Đại học Cần Thơ |
|---|
| LEADER | 00556nam a2200205Ia 4500 | ||
|---|---|---|---|
| 001 | CTU_46502 | ||
| 008 | 210402s9999 xx 000 0 und d | ||
| 020 | |c 23400 | ||
| 082 | |a 801.95 | ||
| 082 | |b Đ552/1997 | ||
| 100 | |a Hà, Minh Đức | ||
| 245 | 0 | |a Lí luận văn học | |
| 245 | 0 | |c Hà Minh Đức (chủ biên) | |
| 260 | |a Hà Nội | ||
| 260 | |b Giáo dục | ||
| 260 | |c 1997 | ||
| 650 | |a Literature | ||
| 650 | |x History and criticism | ||
| 904 | |i Huỳnh Mai | ||
| 980 | |a Trung tâm Học liệu Trường Đại học Cần Thơ | ||